La Transición centroamericana

Furkejuvvon:
Bibliográfalaš dieđut
Materiálatiipa: Texto
Fáttát:
Fáddágilkorat: Lasit fáddágilkoriid
Eai fáddágilkorat, Lasit vuosttaš fáddágilkora!

MARC

LEADER 00000 a a2200000 04500
001 6609
003
040
245 |a La Transición centroamericana  
650 |a DEMOCRATIZACION  
650 |a EL SALVADOR  
773 |g volumen 23, número 1018; páginas 11-13  
999 |c 38734  |d 38734